[Event "Titled Tuesday intern op 21st Feb Late"]
[Site "Chess.com INT"]
[Date "2023.02.21"]
[Round "4"]
[White "Arencibia Monduy, Antonio"]
[Black "Solon, Nathan"]
[Result "0-1"]
[WhiteElo "2115"]
[BlackElo "2306"]
[PlyCount "44"]
[EventDate "2023.02.21"]
[EventType "swiss (blitz)"]
[EventRounds "11"]
[EventCountry "USA"]
[SourceTitle "CBM 212 Extra"]
[Source "ChessBase"]
[SourceDate "2023.03.31"]
[SourceVersion "1"]
[SourceVersionDate "2023.03.31"]
[SourceQuality "1"]

1. e4 c5 2. Nf3 e6 3. c3 Nf6 4. e5 Nd5 5. d4 cxd4 6. cxd4 b6 7. Nc3 Nxc3 8. bxc3 Bb7 9. Bd3 d6 10. exd6 Bxd6 11. 0-0 Nd7 12. Qe2 0-0 13. Bd2 Qc7 14. h3 Rac8 15. Rfe1 h6 16. Rac1 Rfe8 17. Ne5 Bxe5 18. dxe5 Nc5 19. Bb1 Red8 20. Bf4 Qc6 21. Qg4 Kh8 22. Qh4 Qxg2# 0-1

[Event "Titled Tuesday intern op 21st Feb Late"]
[Site "Chess.com INT"]
[Date "2023.02.21"]
[Round "10"]
[White "Mekhitarian, Krikor Sevag"]
[Black "Solon, Nathan"]
[Result "1-0"]
[WhiteElo "2537"]
[BlackElo "2306"]
[PlyCount "57"]
[EventDate "2023.02.21"]
[EventType "swiss (blitz)"]
[EventRounds "11"]
[EventCountry "USA"]
[SourceTitle "CBM 212 Extra"]
[Source "ChessBase"]
[SourceDate "2023.03.31"]
[SourceVersion "1"]
[SourceVersionDate "2023.03.31"]
[SourceQuality "1"]

1. Nf3 c5 2. c4 Nf6 3. Nc3 d5 4. cxd5 Nxd5 5. g3 Nc7 6. d4 cxd4 7. Qxd4 Bd7 8. Ne5 Nc6 9. Qxd7+ Qxd7 10. Nxd7 Kxd7 11. Bf4 e5 12. 0-0-0+ Ke6 13. Be3 Bb4 14. Bg2 Rhd8 15. Ne4 Na6 16. a3 Bf8 17. Kb1 h6 18. b4 Nc7 19. Nc5+ Bxc5 20. Bxc5 a5 21. Rxd8 Rxd8 22. Bxc6 bxc6 23. Bb6 Rd7 24. bxa5 Nb5 25. Rc1 Rd2 26. Rxc6+ Kd7 27. Rc5 Nxa3+ 28. Kc1 Rxe2 29. a6 1-0

[Event "Titled Tuesday intern op 14th Feb Late"]
[Site "Chess.com INT"]
[Date "2023.02.14"]
[Round "11"]
[White "Fiorito, Francisco"]
[Black "Solon, Nathan"]
[Result "1-0"]
[WhiteElo "2299"]
[BlackElo "2306"]
[PlyCount "87"]
[EventDate "2023.02.14"]
[EventType "swiss (blitz)"]
[EventRounds "11"]
[EventCountry "USA"]
[SourceTitle "CBM 212 Extra"]
[Source "ChessBase"]
[SourceDate "2023.03.31"]
[SourceVersion "1"]
[SourceVersionDate "2023.03.31"]
[SourceQuality "1"]

1. d4 Nf6 2. Nc3 d5 3. Bf4 c5 4. e3 cxd4 5. exd4 Bg4 6. Nf3 Nc6 7. Be2 e6 8. h3 Bxf3 9. Bxf3 Bd6 10. Bxd6 Qxd6 11. 0-0 0-0 12. Ne2 b5 13. Nc1 Rfc8 14. Nb3 a5 15. Re1 Nd7 16. Qd3 Nb4 17. Qxb5 Nxc2 18. Nc5 Nxc5 19. dxc5 Rxc5 20. Qb7 Rac8 21. Rec1 Nxa1 22. Qxc8+ Rxc8 23. Rxc8+ Qf8 24. Rxf8+ Kxf8 25. Bd1 Ke7 26. f4 Kd6 27. Kf2 Kc5 28. Ke3 Kc4 29. Kd2 d4 30. Be2+ Kd5 31. Bd3 f6 32. Kc1 e5 33. fxe5 fxe5 34. Kb1 e4 35. Bf1 d3 36. Kxa1 Kd4 37. Kb1 e3 38. Kc1 a4 39. Kd1 g5 40. b3 axb3 41. axb3 Kc3 42. b4 Kxb4 43. Bxd3 Kc3 44. Bxh7 1-0

[Event "Titled Tuesday intern op 14th Feb Late"]
[Site "Chess.com INT"]
[Date "2023.02.14"]
[Round "7"]
[White "Salem, AR Saleh"]
[Black "Solon, Nathan"]
[Result "1/2-1/2"]
[WhiteElo "2677"]
[BlackElo "2306"]
[PlyCount "138"]
[EventDate "2023.02.14"]
[EventType "swiss (blitz)"]
[EventRounds "11"]
[EventCountry "USA"]
[SourceTitle "CBM 212 Extra"]
[Source "ChessBase"]
[SourceDate "2023.03.31"]
[SourceVersion "1"]
[SourceVersionDate "2023.03.31"]
[SourceQuality "1"]

1. d4 Nf6 2. c4 c5 3. d5 b5 4. cxb5 a6 5. bxa6 g6 6. Nc3 Bg7 7. e4 0-0 8. a7 Rxa7 9. Nf3 e6 10. Be2 exd5 11. exd5 d6 12. 0-0 Na6 13. Nb5 Rd7 14. Bg5 h6 15. Bxf6 Qxf6 16. Nc3 Nc7 17. a4 Ba6 18. Bxa6 Nxa6 19. Re1 Rb8 20. Re2 Nb4 21. h3 c4 22. Nd2 Nd3 23. Nxc4 Nxb2 24. Ne4 Nxd1 25. Nxf6+ Bxf6 26. Rxd1 Rb4 27. Re4 Re7 28. Rde1 Rxe4 29. Rxe4 Rxa4 30. Nxd6 Ra1+ 31. Kh2 Rd1 32. Re8+ Kg7 33. Ne4 Ba1 34. Rd8 f5 35. Nc5 Rd2 36. f4 Rd1 37. Rd7+ Kf6 38. Nb7 Bd4 39. g4 fxg4 40. hxg4 Be3 41. Kg3 Rf1 42. Nd8 Bxf4+ 43. Kg2 Rd1 44. Rf7+ Ke5 45. Nc6+ Kxd5 46. Nb4+ Ke4 47. Re7+ Be5 48. Nc6 Rd2+ 49. Kf1 Rd5 50. Re6 h5 51. Rxg6 hxg4 52. Rxg4+ Kf5 53. Rc4 Rd1+ 54. Ke2 Ra1 55. Rc5 Ra2+ 56. Kd3 Ra3+ 57. Kd2 Ra2+ 58. Kc1 Ra1+ 59. Kc2 Ra2+ 60. Kd1 Ra1+ 61. Ke2 Ra2+ 62. Ke1 Ra1+ 63. Kf2 Ra2+ 64. Kf1 Ra1+ 65. Kg2 Ra2+ 66. Kg1 Ra1+ 67. Kf2 Ra2+ 68. Kf3 Ra3+ 69. Ke2 Ra2+ 1/2-1/2

[Event "Titled Tuesday intern op 17th Jan Late"]
[Site "Chess.com INT"]
[Date "2023.01.17"]
[Round "10"]
[White "Bjelobrk, Igor"]
[Black "Solon, Nathan"]
[Result "1-0"]
[WhiteElo "2405"]
[BlackElo "2306"]
[PlyCount "95"]
[EventDate "2023.01.17"]
[EventType "swiss (blitz)"]
[EventRounds "11"]
[EventCountry "USA"]
[SourceTitle "CBM 212 Extra"]
[Source "ChessBase"]
[SourceDate "2023.03.31"]
[SourceVersion "1"]
[SourceVersionDate "2023.03.31"]
[SourceQuality "1"]

1. Nf3 c5 2. c4 Nf6 3. d4 cxd4 4. Nxd4 e5 5. Nb5 d5 6. cxd5 Bc5 7. N5c3 0-0 8. g3 Ng4 9. e3 f5 10. Be2 Nf6 11. Nd2 Nbd7 12. Nc4 a6 13. a4 e4 14. 0-0 Nb6 15. Nxb6 Qxb6 16. a5 Qd6 17. Qb3 Kh8 18. Rd1 Bd7 19. Bd2 Rab8 20. Be1 b5 21. axb6 Rxb6 22. Qa2 Rfb8 23. Na4 Bxa4 24. Qxa4 Rxb2 25. Qxa6 Qxa6 26. Bxa6 Ng4 27. d6 Rd8 28. d7 Ne5 29. Bc3 Nf3+ 30. Kg2 Rc2 31. Rac1 Rxc1 32. Rxc1 Rxd7 33. Be2 Ng5 34. Bxg7+ Kxg7 35. Rxc5 Kf6 36. Rc6+ Kg7 37. h4 Nf7 38. h5 h6 39. Rg6+ Kf8 40. Rf6 Ke7 41. Rxf5 Rd2 42. Kf1 Ng5 43. Bg4 Rb2 44. Ra5 Rb1+ 45. Kg2 Rb2 46. Ra6 Nf7 47. Rg6 Ne5 48. Re6+ 1-0

[Event "Titled Tuesday intern op 17th Jan Late"]
[Site "Chess.com INT"]
[Date "2023.01.17"]
[Round "1"]
[White "Solon, Nathan"]
[Black "Kaganskiy, Gleb"]
[Result "1-0"]
[WhiteElo "2306"]
[BlackElo "2173"]
[PlyCount "113"]
[EventDate "2023.01.17"]
[EventType "swiss (blitz)"]
[EventRounds "11"]
[EventCountry "USA"]
[SourceTitle "CBM 212 Extra"]
[Source "ChessBase"]
[SourceDate "2023.03.31"]
[SourceVersion "1"]
[SourceVersionDate "2023.03.31"]
[SourceQuality "1"]

1. Nf3 d5 2. g3 Nf6 3. Bg2 e6 4. 0-0 Be7 5. c4 0-0 6. b3 c5 7. cxd5 exd5 8. d4 Nc6 9. Bb2 Ne4 10. Nc3 Bf6 11. Rc1 Nxd4 12. Nxe4 Nxf3+ 13. exf3 Bxb2 14. Rc2 dxe4 15. Rxb2 Qg5 16. fxe4 Bg4 17. Qc1 Qxc1 18. Rxc1 b6 19. b4 cxb4 20. Rxb4 Rac8 21. Rbc4 g6 22. e5 Be6 23. Rxc8 Rxc8 24. Rxc8+ Bxc8 25. f4 Kf8 26. Kf2 Ke7 27. Ke3 f6 28. Kd4 fxe5+ 29. Kxe5 Be6 30. a3 Bb3 31. Bc6 Ba2 32. h4 Bb3 33. Be4 Bf7 34. g4 h5 35. g5 Be8 36. Bd5 a5 37. f5 gxf5 38. Kxf5 b5 39. g6 Bxg6+ 40. Kxg6 Kf8 41. Kxh5 Kg7 42. Kg5 b4 43. a4 Kh7 44. Kf4 Kh6 45. Ke5 Kh5 46. Kd4 Kxh4 47. Kc5 Kg5 48. Kb5 Kf6 49. Kxa5 Ke7 50. Kxb4 Kd6 51. Bg2 Kc7 52. Kc5 Kb8 53. Kb6 Kc8 54. a5 Kd7 55. a6 Kd6 56. a7 Ke5 57. a8Q 1-0

[Event "Titled Tuesday intern op 17th Jan Late"]
[Site "Chess.com INT"]
[Date "2023.01.17"]
[Round "8"]
[White "Solon, Nathan"]
[Black "Zierk, Steven C"]
[Result "0-1"]
[WhiteElo "2306"]
[BlackElo "2488"]
[PlyCount "64"]
[EventDate "2023.01.17"]
[EventType "swiss (blitz)"]
[EventRounds "11"]
[EventCountry "USA"]
[SourceTitle "CBM 212 Extra"]
[Source "ChessBase"]
[SourceDate "2023.03.31"]
[SourceVersion "1"]
[SourceVersionDate "2023.03.31"]
[SourceQuality "1"]

1. Nf3 d5 2. g3 Nf6 3. Bg2 c6 4. 0-0 Bg4 5. h3 Bxf3 6. Bxf3 e5 7. d3 Be7 8. e4 dxe4 9. dxe4 Qc7 10. a4 a5 11. Nd2 Nbd7 12. Nc4 Nb6 13. Qe2 0-0 14. Be3 Nxc4 15. Qxc4 Rfd8 16. Rfd1 Rxd1+ 17. Rxd1 Rd8 18. Rxd8+ Bxd8 19. Kg2 Be7 20. Be2 g6 21. f3 Nd7 22. h4 h5 23. Qa2 Bc5 24. Bg5 Qd6 25. c3 Ba7 26. Qc4 Nb6 27. Qb3 Qc5 28. Qd1 Kg7 29. Qd8 Nd5 30. Kh3 Qg1 31. Bh6+ Kh7 32. g4 Bf2 0-1

[Event "Titled Tuesday intern op 10th Jan Late"]
[Site "Chess.com INT"]
[Date "2023.01.10"]
[Round "3"]
[White "Novikov, Evgenij"]
[Black "Solon, Nathan"]
[Result "1-0"]
[WhiteElo "2276"]
[BlackElo "2306"]
[PlyCount "79"]
[EventDate "2023.01.10"]
[EventType "swiss (blitz)"]
[EventRounds "11"]
[EventCountry "USA"]
[SourceTitle "EXT 2024"]
[Source "ChessBase"]
[SourceDate "2023.10.10"]
[SourceVersion "1"]
[SourceVersionDate "2023.10.10"]
[SourceQuality "1"]

1. d4 Nf6 2. c4 c5 3. d5 b5 4. cxb5 a6 5. b6 a5 6. Nc3 Ba6 7. Nf3 d6 8. g3 g6 9. Bg2 Bg7 10. 0-0 0-0 11. Re1 Nbd7 12. e4 Qxb6 13. Rb1 Ng4 14. Bg5 h6 15. Bxe7 Rfe8 16. Bh4 Nde5 17. Nxe5 Nxe5 18. g4 Nd3 19. Re3 c4 20. Qd2 Rab8 21. Bg3 g5 22. h4 Bd4 23. Rf3 f6 24. hxg5 hxg5 25. Bf1 Kg7 26. b3 Ne5 27. Bxe5 Bxe5 28. bxc4 Qa7 29. Nb5 Bxb5 30. Rxb5 Rxb5 31. cxb5 Rc8 32. Ra3 a4 33. Qe3 Qa5 34. Qf3 Rc1 35. Rd3 Qxb5 36. Rd1 Rc3 37. Qxc3 Qxf1+ 38. Kxf1 Bxc3 39. Rc1 Be5 40. Rc6 1-0

[Event "Titled Tuesday intern op 10th Jan Late"]
[Site "Chess.com INT"]
[Date "2023.01.10"]
[Round "6"]
[White "Sivakumar, Shaashwath"]
[Black "Solon, Nathan"]
[Result "0-1"]
[WhiteElo "2197"]
[BlackElo "2306"]
[PlyCount "70"]
[EventDate "2023.01.10"]
[EventType "swiss (blitz)"]
[EventRounds "11"]
[EventCountry "USA"]
[SourceTitle "EXT 2024"]
[Source "ChessBase"]
[SourceDate "2023.10.10"]
[SourceVersion "1"]
[SourceVersionDate "2023.10.10"]
[SourceQuality "1"]

1. d4 Nf6 2. c4 c5 3. d5 b5 4. cxb5 a6 5. bxa6 g6 6. g3 Bg7 7. Bg2 d6 8. Nc3 0-0 9. Nf3 Nxa6 10. 0-0 Bf5 11. Nh4 Bd7 12. Bd2 Qb6 13. Qc1 Rfb8 14. Rb1 Ng4 15. b3 c4 16. bxc4 Qc5 17. Rxb8+ Rxb8 18. Ne4 Qc7 19. Bg5 f5 20. Nd2 h6 21. Bxe7 Kf7 22. h3 Ne5 23. f4 Qb6+ 24. Kh2 Kxe7 25. fxe5 dxe5 26. Qc2 Nb4 27. Qb3 Be8 28. Rb1 Qd6 29. a3 Na6 30. Qc2 Rxb1 31. Qxb1 e4 32. Qb7+ Kf8 33. Nb3 Be5 34. c5 Bxg3+ 35. Kg1 Qf4 0-1

[Event "Titled Tuesday intern op 10th Jan Late"]
[Site "Chess.com INT"]
[Date "2023.01.10"]
[Round "8"]
[White "Solon, Nathan"]
[Black "Ladan, Nicholas John"]
[Result "1-0"]
[WhiteElo "2306"]
[BlackElo "2114"]
[PlyCount "47"]
[EventDate "2023.01.10"]
[EventType "swiss (blitz)"]
[EventRounds "11"]
[EventCountry "USA"]
[SourceTitle "EXT 2024"]
[Source "ChessBase"]
[SourceDate "2023.10.10"]
[SourceVersion "1"]
[SourceVersionDate "2023.10.10"]
[SourceQuality "1"]

1. Nf3 d5 2. g3 g6 3. c4 c6 4. Qa4 dxc4 5. Qxc4 Nf6 6. Bg2 Bg7 7. 0-0 0-0 8. d4 Nbd7 9. Nc3 a5 10. a4 Nb6 11. Qb3 Nbd5 12. Rd1 Be6 13. Ng5 Nxc3 14. Qxc3 Bg4 15. Nf3 Nd5 16. Qb3 Nb4 17. Bd2 Bxf3 18. Bxf3 Qxd4 19. Bc3 Qb6 20. Rd7 Rfe8 21. Rad1 Rad8 22. h4 h5 23. Kg2 Qc5 24. Rxd8 1-0

[Event "Titled Tuesday intern op 27th Dec Late"]
[Site "Chess.com INT"]
[Date "2022.12.27"]
[Round "8"]
[White "Bryakin, Mikhail"]
[Black "Solon, Nathan"]
[Result "1-0"]
[WhiteElo "2437"]
[BlackElo "2306"]
[PlyCount "137"]
[EventDate "2022.12.27"]
[EventType "swiss (blitz)"]
[EventRounds "11"]
[EventCountry "USA"]
[SourceTitle "EXT 2024"]
[Source "ChessBase"]
[SourceDate "2023.10.10"]
[SourceVersion "1"]
[SourceVersionDate "2023.10.10"]
[SourceQuality "1"]

1. Nf3 d5 2. c4 e6 3. b3 d4 4. d3 Nc6 5. g3 e5 6. Bg2 Bb4+ 7. Nbd2 a5 8. a3 Bc5 9. Bb2 Nf6 10. Ng5 0-0 11. 0-0 Re8 12. Nge4 Nxe4 13. dxe4 Qe7 14. Nf3 Be6 15. Ne1 Rad8 16. Nd3 Ba7 17. Rc1 f6 18. c5 Qf7 19. b4 Bc4 20. Qd2 b5 21. f4 Qe7 22. f5 Ra8 23. g4 axb4 24. axb4 Bb8 25. Ra1 Rxa1 26. Rxa1 Nd8 27. h4 Nf7 28. Bf3 c6 29. Qc1 g6 30. Kf2 gxf5 31. gxf5 Kh8 32. Ra6 Rg8 33. Rxc6 Nd8 34. Ra6 Qg7 35. Qh1 Qg3+ 36. Kf1 Bxd3 37. exd3 Qf4 38. Ra1 Qd2 39. Bc1 Qc3 40. Qh2 Qxa1 41. Qd2 Nc6 42. Qh6 Rg7 43. Ke2 Qa2+ 44. Bd2 Qf7 45. Bh5 Qf8 46. Bg5 fxg5 47. hxg5 Nd8 48. g6 Qf6 49. Bf3 Nc6 50. Qh1 Nxb4 51. Qb1 Nc6 52. Qxb5 Rg8 53. Bh5 h6 54. Qc4 Rg7 55. Qd5 Bc7 56. Qa2 Nd8 57. Qa8 Qe7 58. Qc8 Qg5 59. Bf3 Qh4 60. Qa6 Qh2+ 61. Kd1 Qg1+ 62. Kc2 Qe3 63. Bd1 Qf2+ 64. Kc1 h5 65. Qf6 Qe3+ 66. Kc2 Qf2+ 67. Kb3 Qe1 68. Qf8+ Rg8 69. Qh6# 1-0

[Event "Titled Tuesday intern op 27th Dec Late"]
[Site "Chess.com INT"]
[Date "2022.12.27"]
[Round "2"]
[White "Curtis, John"]
[Black "Solon, Nathan"]
[Result "0-1"]
[WhiteElo "2292"]
[BlackElo "2306"]
[PlyCount "56"]
[EventDate "2022.12.27"]
[EventType "swiss (blitz)"]
[EventRounds "11"]
[EventCountry "USA"]
[SourceTitle "EXT 2024"]
[Source "ChessBase"]
[SourceDate "2023.10.10"]
[SourceVersion "1"]
[SourceVersionDate "2023.10.10"]
[SourceQuality "1"]

1. e4 c5 2. Nf3 e6 3. d4 cxd4 4. Nxd4 Nf6 5. Nc3 Nc6 6. Nxc6 bxc6 7. Bd3 d5 8. 0-0 Bd6 9. Qe2 Qc7 10. exd5 Nxd5 11. Nxd5 cxd5 12. Bb5+ Bd7 13. Bxd7+ Qxd7 14. c4 d4 15. Qe4 0-0 16. f4 Rac8 17. b3 d3 18. Be3 Bb4 19. Rad1 Rfd8 20. Bd2 Bc5+ 21. Be3 Bb4 22. Bd2 Bf8 23. h3 f5 24. Qe1 Qd4+ 25. Kh1 Rc6 26. Rf3 Bc5 27. Bc3 Qe4 28. Qf1 Rcd6 0-1

[Event "Titled Tuesday intern op 27th Dec Late"]
[Site "Chess.com INT"]
[Date "2022.12.27"]
[Round "10"]
[White "Ladan, Nicholas John"]
[Black "Solon, Nathan"]
[Result "0-1"]
[WhiteElo "2091"]
[BlackElo "2306"]
[PlyCount "71"]
[EventDate "2022.12.27"]
[EventType "swiss (blitz)"]
[EventRounds "11"]
[EventCountry "USA"]
[SourceTitle "EXT 2024"]
[Source "ChessBase"]
[SourceDate "2023.10.10"]
[SourceVersion "1"]
[SourceVersionDate "2023.10.10"]
[SourceQuality "1"]

1. e3 c5 2. d4 Nf6 3. c4 g6 4. Nc3 Bg7 5. Nf3 0-0 6. Be2 cxd4 7. Nxd4 Nc6 8. 0-0 d6 9. e4 Nxd4 10. Qxd4 Be6 11. Qe3 Rc8 12. Qxa7 Bxc4 13. Bxc4 Rxc4 14. Re1 Qa8 15. Be3 Nxe4 16. Nxe4 Rxe4 17. Qb6 Qa6 18. Qxa6 bxa6 19. Rab1 Rc8 20. Re2 Rec4 21. Kf1 e6 22. b4 d5 23. Bc5 e5 24. a4 e4 25. Ke1 f5 26. f3 d4 27. fxe4 d3 28. Re3 fxe4 29. Kd1 Rc7 30. Rc1 Rxc1+ 31. Kxc1 Bh6 32. Kd2 Kf7 33. g4 Ke6 34. h4 Bf4 35. g5 Kd5 36. Ba7 0-1

[Event "Titled Tuesday intern op 20th Dec Late"]
[Site "Chess.com INT"]
[Date "2022.12.20"]
[Round "1"]
[White "Bogaudinov, Rushan"]
[Black "Solon, Nathan"]
[Result "0-1"]
[WhiteElo "2003"]
[BlackElo "2306"]
[PlyCount "94"]
[EventDate "2022.12.20"]
[EventType "swiss (blitz)"]
[EventRounds "11"]
[EventCountry "USA"]
[SourceTitle "EXT 2024"]
[Source "ChessBase"]
[SourceDate "2023.10.10"]
[SourceVersion "1"]
[SourceVersionDate "2023.10.10"]
[SourceQuality "1"]

1. a3 d5 2. e3 e5 3. Nf3 Bd6 4. c4 c6 5. b4 Nf6 6. Bb2 Qe7 7. Be2 0-0 8. d4 e4 9. Nfd2 Nbd7 10. c5 Bb8 11. Nc3 a6 12. a4 Re8 13. b5 axb5 14. axb5 Rxa1 15. Qxa1 Nf8 16. Na4 Ng6 17. Nb6 Bg4 18. h3 Bxe2 19. Kxe2 Nh4 20. Kf1 Nh5 21. Qd1 g6 22. bxc6 bxc6 23. Qg4 f5 24. Qe2 f4 25. Qg4 fxe3 26. fxe3 Ng3+ 27. Kg1 Nxh1 28. Kxh1 Qc7 29. g3 Nf5 30. Nf1 Nxg3+ 31. Nxg3 Qxg3 32. Qxg3 Bxg3 33. Nd7 Ra8 34. Kg2 Bc7 35. Bc3 Kf7 36. Nb6 Bxb6 37. cxb6 Ra6 38. b7 Rb6 39. Kg3 Rxb7 40. Kf4 Ke6 41. Ba5 Rf7+ 42. Kg4 Rf3 43. Bd2 Kf6 44. Bc1 h5+ 45. Kh4 Kf5 46. Bd2 g5+ 47. Kxh5 Rxh3# 0-1

[Event "Titled Tuesday intern op 20th Dec Late"]
[Site "Chess.com INT"]
[Date "2022.12.20"]
[Round "9"]
[White "Rego, Pedro Filipe"]
[Black "Solon, Nathan"]
[Result "1-0"]
[WhiteElo "2300"]
[BlackElo "2306"]
[PlyCount "41"]
[EventDate "2022.12.20"]
[EventType "swiss (blitz)"]
[EventRounds "11"]
[EventCountry "USA"]
[SourceTitle "EXT 2024"]
[Source "ChessBase"]
[SourceDate "2023.10.10"]
[SourceVersion "1"]
[SourceVersionDate "2023.10.10"]
[SourceQuality "1"]

1. e4 c5 2. Nf3 e6 3. d4 cxd4 4. Nxd4 Nf6 5. Bd3 Nc6 6. Nxc6 bxc6 7. c4 e5 8. 0-0 Bc5 9. Qe2 0-0 10. Be3 d6 11. Nc3 Nd7 12. Na4 Bxe3 13. Qxe3 Qa5 14. b3 c5 15. Be2 Rd8 16. Rad1 Nf8 17. f4 exf4 18. Qxf4 Be6 19. Rxd6 Ng6 20. Qg3 h6 21. Rxe6 1-0

[Event "Titled Tuesday intern op 13th Sep Early"]
[Site "Chess.com INT"]
[Date "2022.09.13"]
[Round "5"]
[White "D'Arruda, Ricardo D"]
[Black "Solon, Nathan"]
[Result "1-0"]
[WhiteElo "2271"]
[BlackElo "2306"]
[PlyCount "55"]
[EventDate "2022.09.13"]
[EventType "swiss (blitz)"]
[EventRounds "11"]
[EventCountry "USA"]
[SourceTitle "EXT 2023"]
[Source "ChessBase"]
[SourceDate "2022.10.05"]
[SourceVersion "1"]
[SourceVersionDate "2022.10.05"]
[SourceQuality "1"]

1. d4 d5 2. Nf3 Nf6 3. g3 e6 4. Bg2 c5 5. 0-0 Nc6 6. c4 dxc4 7. Qa4 Bd7 8. dxc5 Na5 9. Qc2 Bxc5 10. Nbd2 Rc8 11. Ne5 Bb5 12. Rd1 Qc7 13. Ndf3 0-0 14. Bd2 Nd5 15. Ng5 g6 16. Nxg6 hxg6 17. Nxe6 Bxf2+ 18. Kh1 Qb6 19. Nxf8 Ne3 20. Bxe3 Bxe3 21. Nd7 Qe6 22. Qc3 Bxd7 23. Qxa5 Bc6 24. Bxc6 Qxc6+ 25. Qd5 c3 26. bxc3 Qxd5+ 27. Rxd5 Rxc3 28. Rd3 1-0

[Event "Titled Tuesday intern op 13th Sep Early"]
[Site "Chess.com INT"]
[Date "2022.09.13"]
[Round "6"]
[White "Solon, Nathan"]
[Black "Belenkaya, Dina"]
[Result "1-0"]
[WhiteElo "2306"]
[BlackElo "2280"]
[PlyCount "113"]
[EventDate "2022.09.13"]
[EventType "swiss (blitz)"]
[EventRounds "11"]
[EventCountry "USA"]
[SourceTitle "EXT 2023"]
[Source "ChessBase"]
[SourceDate "2022.10.05"]
[SourceVersion "1"]
[SourceVersionDate "2022.10.05"]
[SourceQuality "1"]

1. e4 d5 2. exd5 Qxd5 3. Nc3 Qe5+ 4. Be2 c6 5. d4 Qc7 6. Nf3 Nf6 7. 0-0 Bf5 8. Ne5 e6 9. g4 Bg6 10. f4 Nbd7 11. f5 Nxe5 12. dxe5 Qxe5 13. fxg6 hxg6 14. Bf4 Qc5+ 15. Kg2 Rd8 16. Bd3 Bd6 17. Qf3 g5 18. Bg3 Qb4 19. Ne4 Bxg3 20. hxg3 Rh6 21. b3 Qa5 22. a4 Rd4 23. Rae1 Qd5 24. Nxf6+ gxf6 25. Qxd5 cxd5 26. Rh1 Rxh1 27. Rxh1 e5 28. Rh8+ Ke7 29. Bf5 Rd2+ 30. Kf1 e4 31. Rc8 Kd6 32. Ke1 Rg2 33. c4 d4 34. Bxe4 Rxg3 35. Bxb7 Rxb3 36. Bd5 Ke5 37. Re8+ Kf4 38. Re4+ Kg3 39. Rxd4 Ra3 40. c5 Rc3 41. c6 Rc5 42. Rc4 Rxd5 43. c7 Re5+ 44. Kd2 Re8 45. c8Q Rxc8 46. Rxc8 Kxg4 47. Ra8 f5 48. Rxa7 f4 49. Rxf7 Kg3 50. a5 g4 51. a6 f3 52. Ke3 Kg2 53. a7 g3 54. a8Q Kg1 55. Qxf3 g2 56. Qf2+ Kh2 57. Rh7# 1-0

[Event "Titled Tuesday intern op 13th Sep Early"]
[Site "Chess.com INT"]
[Date "2022.09.13"]
[Round "10"]
[White "Solon, Nathan"]
[Black "Csonka, Balazs"]
[Result "0-1"]
[WhiteElo "2306"]
[BlackElo "2495"]
[PlyCount "70"]
[EventDate "2022.09.13"]
[EventType "swiss (blitz)"]
[EventRounds "11"]
[EventCountry "USA"]
[SourceTitle "EXT 2023"]
[Source "ChessBase"]
[SourceDate "2022.10.05"]
[SourceVersion "1"]
[SourceVersionDate "2022.10.05"]
[SourceQuality "1"]

1. e4 e6 2. d3 c5 3. Nf3 Nc6 4. g3 d5 5. Qe2 Nge7 6. Bg2 g6 7. 0-0 Bg7 8. Re1 0-0 9. e5 h6 10. h4 b5 11. Nbd2 a5 12. Nf1 b4 13. N1h2 Ba6 14. Ng4 Nf5 15. Bf4 h5 16. Ne3 Ncd4 17. Qd1 Rc8 18. Nxd4 Nxd4 19. c3 bxc3 20. bxc3 Nb5 21. Rc1 d4 22. cxd4 cxd4 23. Nc4 Nc3 24. Qb3 Bxc4 25. dxc4 Qc7 26. Bf1 Qc5 27. Bd3 Rb8 28. Qc2 Rb4 29. Bd2 Bxe5 30. Bxg6 fxg6 31. Qxg6+ Bg7 32. Rxc3 dxc3 33. Bxc3 Qxf2+ 34. Kh1 Qf3+ 35. Kh2 Qxc3 0-1